Most streamed songs : Waterparks - Statistics

General Stats
  • This quiz has been taken 15 times
  • The average score is 15 of 20
Answer Stats
Rank Number of streams Song Album % Correct
6. 20 409 733 FUNERAL GREY INTELLECTUAL PROPERTY
100%
1. 109 151 318 I Miss Having Sex But At Least I Don't Wanna Die FANDOM
100%
3. 71 582 876 Turbulent FANDOM
100%
5. 21 042 581 Telephone FANDOM
91%
11. 16 710 512 21 Questions Double Dare
82%
15. 11 282 446 Crave Cluster
82%
9. 18 517 025 FUCK ABOUT IT (feat. blackbear) INTELLECTUAL PROPERTY
82%
7. 20 408 484 Lucky People Entertainment
82%
2. 84 199 959 Stupid for You Double Dare
82%
4. 27 686 223 Blonde Entertainment
64%
13. 15 290 036 Dream Boy FANDOM
64%
16. 11 183 911 Easy To Hate FANDOM
64%
19. 9 218 575 Gloom Boys Double Dare
64%
18. 9 439 789 High Definition FANDOM
64%
14. 14 225 523 Lowkey As Hell Greatest Hits
64%
12. 16 406 618 Numb Greatest Hits
64%
20. 9 092 556 Royal Double Dare
64%
10. 17 345 838 You'd Be Paranoid Too (If Everyone Was Out To Get You) Greatest Hits
64%
17. 10 747 739 SELF-SABOTAGE INTELLECTUAL PROPERTY
55%
8. 18 603 863 Watch What Happens Next FANDOM
55%
No matching quizzes found
Score Distribution
Percent of People with Each Score
Percentile by Number Answered
Your Score History
You have not taken this quiz